[Event "London Classic Open 2017"]
[Site "London ENG"]
[Date "2017.12.05"]
[Round "5.14"]
[White "Le Roux, Jean-Pierre"]
[Black "Sai Agni Jeevitesh, J"]
[Result "1-0"]
[WhiteTitle "GM"]
[BlackTitle "FM"]
[WhiteElo "2560"]
[BlackElo "2384"]
[WhiteFideId "609404"]
[BlackFideId "5070147"]
[EventDate "2017.12.02"]

1. e4 e6 2. d4 d5 3. Nd2 Nf6 4. e5 Nfd7 5. f4 c5 6. Ngf3 Nc6 7. Nb3 c4 8. Nbd2
f5 9. Be2 Be7 10. Nf1 b5 11. Ne3 Nb6 12. O-O O-O 13. Kh1 Bd7 14. Rg1 Be8 15. Bd2
Kh8 16. Qf1 Bh5 17. c3 b4 18. Bd1 a5 19. Ng5 Bxd1 20. Nxe6 Qc8 21. Nxf8 Bh5 22.
Nxh7 Kxh7 23. g4 fxg4 24. f5 Bg5 25. Nxg4 Bxg4 26. Rxg4 Bxd2 27. Qh3+ Bh6 28.
Rag1 Ra7 29. Rg6 bxc3 30. bxc3 Rc7 31. Qh5 Qf8 32. f6 Nc8 33. fxg7 Qxg7 34.
Rxg7+ Rxg7 35. Rxg7+ 1-0

[Event "London Classic Open 2017"]
[Site "London ENG"]
[Date "2017.12.05"]
[Round "5.15"]
[White "Bates, Richard A"]
[Black "Handke, Florian"]
[Result "0-1"]
[WhiteTitle "IM"]
[BlackTitle "GM"]
[WhiteElo "2378"]
[BlackElo "2526"]
[WhiteFideId "403555"]
[BlackFideId "4634527"]
[EventDate "2017.12.02"]

1. d4 Nf6 2. c4 g6 3. g3 Bg7 4. Bg2 d5 5. cxd5 Nxd5 6. Nf3 O-O 7. O-O Nc6 8. e4
Nb6 9. d5 Na5 10. Qe1 Nac4 11. Nc3 e6 12. b3 Qf6 13. bxc4 Qxc3 14. Qxc3 Bxc3 15.
Rb1 exd5 16. cxd5 Re8 17. Bd2 Bg7 18. Rfe1 c6 19. dxc6 bxc6 20. Rbc1 Be6 21. Bc3
Bxa2 22. Bxg7 Kxg7 23. Rxc6 Red8 24. Ra1 Be6 25. Ng5 Bd7 26. Rc5 h6 27. Nf3 Be6
28. Ne5 Rd2 29. h4 Rc8 30. Rxc8 Nxc8 31. Nc6 Rd7 32. f4 Rc7 33. e5 Bd7 34. Nb4
Ne7 35. Nd5 Nxd5 36. Bxd5 Rc5 37. Rd1 a5 38. Rd2 Bf5 39. Kf2 a4 40. Ba2 a3 41.
e6 fxe6 42. Bb3 Rc3 43. Bd1 Rd3 44. Rxd3 Bxd3 45. Bb3 Kf6 46. g4 Bb1 0-1

[Event "London Classic Open 2017"]
[Site "London ENG"]
[Date "2017.12.05"]
[Round "5.16"]
[White "Kotronias, Vasilios"]
[Black "Krishna Teja, N"]
[Result "1-0"]
[WhiteTitle "GM"]
[BlackTitle "IM"]
[WhiteElo "2524"]
[BlackElo "2368"]
[WhiteFideId "5900212"]
[BlackFideId "5001498"]
[EventDate "2017.12.02"]

1. e4 e6 2. d4 d5 3. Nd2 dxe4 4. Nxe4 Bd7 5. Nf3 Bc6 6. Ned2 Nf6 7. Bd3 Be7 8.
O-O Nbd7 9. c3 O-O 10. b4 a6 11. Qc2 Bb5 12. c4 Bc6 13. Rb1 Bxf3 14. Nxf3 c6 15.
a4 Re8 16. Bf4 Nf8 17. h3 Ng6 18. Bh2 Bd6 19. Ne5 Bxe5 20. dxe5 Nd7 21. Rfd1 Qe7
22. Qe2 Red8 23. Qe3 a5 24. Bxg6 hxg6 25. bxa5 Nc5 26. Rd6 Rxa5 27. Rbd1 Rc8 28.
Bf4 b6 29. Bg5 f6 30. Bh4 g5 31. exf6 gxf6 32. Bg3 Rxa4 33. R6d4 e5 34. h4 Qf8
35. Rd6 Raa8 36. hxg5 Rd8 37. gxf6 Rxd6 38. Qg5+ Kh7 39. Rxd6 Qh6 40. Qxh6+ Kxh6
41. Bxe5 Kg6 42. Rxc6 Ra4 43. Rc7 Ne6 44. f7 Ra8 45. Re7 Kf5 46. Re8 1-0

[Event "London Classic Open 2017"]
[Site "London ENG"]
[Date "2017.12.05"]
[Round "5.17"]
[White "Gumularz, Szymon"]
[Black "Fernandez, Daniel Howard"]
[Result "1/2-1/2"]
[WhiteTitle "FM"]
[BlackTitle "GM"]
[WhiteElo "2376"]
[BlackElo "2500"]
[WhiteFideId "1188062"]
[BlackFideId "5801605"]
[EventDate "2017.12.02"]

1. c4 b6 2. Nc3 e6 3. e4 c5 4. Nf3 Bb7 5. d4 cxd4 6. Nxd4 Nc6 7. Nc2 Nf6 8. Be2
Be7 9. O-O O-O 10. Be3 Rc8 11. b3 Nb4 12. e5 Ne4 13. Nxe4 Bxe4 14. Nxb4 Bxb4 15.
Qd4 Bc6 16. Rad1 f6 17. exf6 Qxf6 18. Qg4 Bc5 19. Bxc5 bxc5 20. Bd3 Qf4 21. Qh5
h6 22. Qe2 Rf6 23. f3 Rcf8 24. Rfe1 Qd4+ 25. Qf2 Qxf2+ 26. Kxf2 d6 27. Be4 Bxe4
28. Rxe4 e5 29. Ke3 Kf7 30. f4 exf4+ 31. Rxf4 Re8+ 32. Kf3 Rxf4+ 33. Kxf4 Re2
34. Kf3 Rxa2 35. Rxd6 Ra3 36. Rc6 Rxb3+ 37. Kf2 a5 38. Rxc5 a4 39. Ra5 a3 40. c5
Ke6 41. Ra6+ Kd7 42. g4 Rh3 43. Kg2 Rc3 44. Kf2 Kc7 45. c6 g5 46. Kg2 Kd6 47.
Kf2 Rc2+ 48. Kg3 Rc3+ 49. Kg2 Rc2+ 50. Kg3 Ra2 51. Kh3 Ra1 52. Kg2 Kc7 53. Kh3 1/2-1/2

[Event "London Classic Open 2017"]
[Site "London ENG"]
[Date "2017.12.05"]
[Round "5.18"]
[White "Arakhamia-Grant, Ketevan"]
[Black "Bellaiche, Anthony"]
[Result "1/2-1/2"]
[WhiteTitle "GM"]
[BlackTitle "IM"]
[WhiteElo "2350"]
[BlackElo "2499"]
[WhiteFideId "13600168"]
[BlackFideId "615668"]
[EventDate "2017.12.02"]

1. e4 e5 2. Nf3 Nc6 3. Bb5 a6 4. Ba4 Nf6 5. O-O b5 6. Bb3 Be7 7. Re1 d6 8. c3
O-O 9. h3 Na5 10. Bc2 c5 11. d4 Qc7 12. d5 Nd7 13. b3 Nb6 14. Nbd2 Bd7 15. Nf1
c4 16. b4 Nb7 17. Ng3 g6 18. Bh6 Rfe8 19. Nh2 Nd8 20. Ng4 f6 21. f4 Bxg4 22.
Qxg4 Nf7 23. Nf5 Bf8 24. Bxf8 Rxf8 25. g3 a5 26. a3 Ra6 27. Ne3 Qa7 28. Rac1
axb4 29. axb4 Ra3 30. Bd1 Ra1 31. Rc2 exf4 32. gxf4 Re8 33. Qf3 f5 34. exf5 Nxd5
35. Qxd5 Rxe3 36. Rxe3 Qxe3+ 37. Kg2 Qxf4 38. fxg6 hxg6 39. Rf2 Qg5+ 40. Qxg5
Nxg5 41. Bc2 Kg7 42. h4 Nf7 43. Be4 Ne5 44. Rd2 Re1 45. Bb7 Nd3 46. Ra2 Rc1 47.
Ra3 d5 48. Bc6 d4 49. cxd4 c3 50. Bxb5 c2 51. Rxd3 Rg1+ 52. Kxg1 c1=Q+ 53. Kg2
Qc8 54. d5 Qg4+ 55. Rg3 Qe4+ 56. Kf2 Qd4+ 57. Ke2 Qe5+ 58. Kf2 Qd4+ 59. Ke2 Qe4+
60. Kf2 Qf4+ 61. Kg2 Qd2+ 62. Kh3 Qxd5 63. Bd3 Qh1+ 64. Kg4 Qb7 65. Kh3 Qxb4 66.
Rxg6+ Kf7 67. Rg3 Qb7 68. h5 Qh1+ 69. Kg4 Kf6 70. Bg6 Qd1+ 71. Rf3+ Kg7 72. Kg3
Qe1+ 73. Kg4 Qg1+ 74. Kh3 Qh1+ 75. Kg3 Qe1+ 76. Kg4 Kh6 77. Rf7 Qe6+ 78. Kf4
Qd6+ 1/2-1/2

[Event "London Classic Open 2017"]
[Site "London ENG"]
[Date "2017.12.05"]
[Round "5.19"]
[White "Quillan, Gary"]
[Black "Hector, Jonny"]
[Result "0-1"]
[WhiteTitle "IM"]
[BlackTitle "GM"]
[WhiteElo "2344"]
[BlackElo "2493"]
[WhiteFideId "401153"]
[BlackFideId "1700090"]
[EventDate "2017.12.02"]

1. e4 e5 2. Nf3 Nc6 3. Bb5 a6 4. Ba4 d6 5. c3 f5 6. exf5 Bxf5 7. O-O Bd3 8. Re1
Be7 9. Bc2 Bxc2 10. Qxc2 Nf6 11. d4 O-O 12. d5 e4 13. Ng5 Ne5 14. Nd2 Qe8 15.
Ndxe4 Nxe4 16. Qxe4 Bxg5 17. Bxg5 Qh5 18. Bf4 Ng4 19. Bg3 Nf6 20. Qc4 Nxd5 21.
Qb3 Qf7 22. Qxb7 Rab8 23. Qxa6 Rxb2 24. Qc4 Nb6 25. Qxf7+ Kxf7 26. Reb1 Rxb1+
27. Rxb1 Ke6 28. Re1+ Kd7 29. Bh4 Kc6 30. Re7 Rg8 31. f3 Nd5 32. Re4 Ra8 33.
Rc4+ Kd7 34. a4 g6 35. Bf2 c5 36. Rh4 h5 37. c4 Rxa4 38. cxd5 Ra1+ 39. Be1 Rxe1+
40. Kf2 Re5 41. Rf4 Rxd5 42. g4 Rd2+ 43. Kg3 g5 44. Rf5 h4+ 45. Kh3 c4 46. Rxg5
Re2 47. Ra5 c3 48. Ra7+ Kd8 49. Ra8+ Ke7 50. f4 c2 51. Rc8 Kd7 52. Rc3 d5 0-1

[Event "London Classic Open 2017"]
[Site "London ENG"]
[Date "2017.12.05"]
[Round "5.20"]
[White "Gormally, Daniel W"]
[Black "Vo, Thi Kim Phung"]
[Result "0-1"]
[WhiteTitle "GM"]
[BlackTitle "WGM"]
[WhiteElo "2477"]
[BlackElo "2380"]
[WhiteFideId "406465"]
[BlackFideId "12401838"]
[EventDate "2017.12.02"]

1. e4 e6 2. d4 d5 3. Nd2 Nf6 4. e5 Nfd7 5. Ngf3 c5 6. c3 Nc6 7. Bd3 Qb6 8. O-O
cxd4 9. cxd4 Nxd4 10. Nxd4 Qxd4 11. Nf3 Qb6 12. Qa4 Qb4 13. Qc2 Nc5 14. Bd2 Qa4
15. b3 Qd7 16. Be2 Be7 17. Be3 Na6 18. a3 Nb8 19. Nd4 O-O 20. Bd3 h6 21. Rfc1
Qd8 22. f4 Bd7 23. Qc7 Bc6 24. Qxd8 Bxd8 25. b4 Bd7 26. b5 Bb6 27. Kf2 f6 28.
exf6 gxf6 29. f5 e5 30. Ne6 e4 31. Nxf8 Kxf8 32. Bxb6 axb6 33. Be2 Bxf5 34. Ke3
Nd7 35. Kd4 Be6 36. a4 Ke7 37. Rc7 Ra7 38. Bd1 Kd6 39. Rc8 Nc5 40. Rh8 Bd7 41.
Rxh6 Ne6+ 42. Kc3 Ke5 43. g4 d4+ 44. Kb4 Nf4 45. Rh8 Nd5+ 46. Kb3 d3 47. h4 Ne3
48. h5 Be6+ 49. Kb4 Nd5+ 50. Ka3 e3 51. h6 e2 52. Bxe2 dxe2 53. Re1 Nc3 54. Rd8
Rxa4+ 55. Kb2 Ne4 56. h7 Ra2+ 57. Kb1 Nc3+ 58. Kc1 Ra1+ 59. Kc2 Rxe1 60. h8=Q
Rc1+ 61. Kxc1 e1=Q+ 62. Kc2 Nd5 63. Qh2+ Kd4 64. Qf4+ Qe4+ 65. Qxe4+ Kxe4 66.
Re8 Ke5 67. Kd3 Nc7 68. Rb8 Bxg4 69. Rxb7 Nd5 70. Rb8 Bf5+ 71. Ke2 Bd7 0-1

[Event "London Classic Open 2017"]
[Site "London ENG"]
[Date "2017.12.05"]
[Round "5.22"]
[White "Radovanovic, Jovica"]
[Black "Abergel, Thal"]
[Result "0-1"]
[WhiteTitle "FM"]
[BlackTitle "GM"]
[WhiteElo "2320"]
[BlackElo "2464"]
[WhiteFideId "915912"]
[BlackFideId "614890"]
[EventDate "2017.12.02"]

1. d4 Nf6 2. c4 b6 3. Nc3 Bb7 4. f3 d5 5. cxd5 Nxd5 6. e4 Nxc3 7. bxc3 e6 8. Rb1
Be7 9. Bc4 O-O 10. Ne2 c5 11. O-O Nc6 12. Be3 Qc7 13. Rc1 Rad8 14. Qe1 a6 15.
Qf2 b5 16. Bd3 c4 17. Bb1 e5 18. f4 f6 19. Kh1 Ba3 20. Rcd1 exd4 21. Nxd4 Nxd4
22. Bxd4 Qc6 23. Qg3 Bc5 24. Bxc5 Qxc5 25. e5 Qe7 26. Qh4 g6 27. h3 Rde8 28. Qg3
Kh8 29. Rfe1 fxe5 30. Rxe5 Qf6 31. Rd7 Bc6 32. Ra7 Rxe5 33. fxe5 Qe6 34. Qh4
Rf1+ 35. Kh2 Qxe5+ 0-1

[Event "London Classic Open 2017"]
[Site "London ENG"]
[Date "2017.12.05"]
[Round "5.23"]
[White "Williams, Simon K"]
[Black "Risting, Eivind Olav"]
[Result "1/2-1/2"]
[WhiteTitle "GM"]
[BlackTitle "FM"]
[WhiteElo "2453"]
[BlackElo "2279"]
[WhiteFideId "404454"]
[BlackFideId "1517333"]
[EventDate "2017.12.02"]

1. d4 Nf6 2. Nf3 c5 3. d5 b5 4. a4 b4 5. Bg5 d6 6. Bxf6 exf6 7. e4 g6 8. Nbd2
Bg7 9. Bb5+ Nd7 10. Nc4 Qc7 11. O-O O-O 12. Nfd2 Bb7 13. a5 Rab8 14. Ne3 Bc8 15.
Bd3 f5 16. exf5 Bxb2 17. Ne4 Bg7 18. Nc4 Bb7 19. Rb1 Bxd5 20. Nexd6 Nf6 21. Qe2
Rfd8 22. fxg6 hxg6 23. Ne4 Nxe4 24. Bxe4 Bxc4 25. Qxc4 Rd4 26. Qe2 Re8 27. f3 f5
28. Qb5 Re7 29. Bc6 Rh4 30. g3 Bd4+ 31. Kg2 Rhh7 32. Rbe1 Kh8 33. a6 Rhg7 34.
Bd5 Kh7 35. Bb3 Bc3 36. Rxe7 Qxe7 37. Rf2 Qd7 38. Qc4 Qd4 39. Qe6 Qd7 40. Qc4
Qd4 41. Qe6 Qd7 1/2-1/2

[Event "London Classic Open 2017"]
[Site "London ENG"]
[Date "2017.12.05"]
[Round "5.24"]
[White "Cawdery, Daniel"]
[Black "Globus, Or"]
[Result "1-0"]
[WhiteTitle "IM"]
[WhiteElo "2447"]
[BlackElo "2253"]
[WhiteFideId "14300249"]
[BlackFideId "2816776"]
[EventDate "2017.12.02"]

1. e4 e5 2. Nf3 Nc6 3. d4 exd4 4. Bc4 Nf6 5. e5 d5 6. Bb5 Ne4 7. Nxd4 Bd7 8.
Bxc6 bxc6 9. O-O Bc5 10. f3 Ng5 11. f4 Ne4 12. Be3 O-O 13. Nd2 Nxd2 14. Qxd2 Qe7
15. Nb3 Bb6 16. Qc3 f6 17. Bc5 fxe5 18. fxe5 Rxf1+ 19. Rxf1 Rf8 20. Re1 Qf7 21.
a4 Be6 22. a5 Bxc5+ 23. Qxc5 d4 24. Qxd4 Bxb3 25. cxb3 Qxb3 26. e6 c5 27. Qxc5
Re8 28. e7 Qd3 29. Rf1 h6 30. h3 Qd7 31. Rf8+ Kh7 32. Qc2+ 1-0

[Event "London Classic Open 2017"]
[Site "London ENG"]
[Date "2017.12.05"]
[Round "5.25"]
[White "Das, Sayantan"]
[Black "Rocco, Federico"]
[Result "1-0"]
[WhiteTitle "IM"]
[WhiteElo "2442"]
[BlackElo "2120"]
[WhiteFideId "5034426"]
[BlackFideId "431362"]
[EventDate "2017.12.02"]

1. e4 c5 2. Nc3 Nc6 3. Nf3 e5 4. Bc4 d6 5. d3 h6 6. Nd2 Nf6 7. Nf1 Nd4 8. Ne3
Be6 9. O-O Be7 10. Ncd5 b5 11. Nxf6+ Bxf6 12. Bd5 Bxd5 13. Nxd5 Ne6 14. c3 Bg5
15. Bxg5 hxg5 16. a4 a6 17. axb5 axb5 18. Qb3 Rb8 19. Ra7 g4 20. Re7+ Qxe7 21.
Nxe7 Kxe7 22. Qd1 Rh4 23. g3 Rh3 24. Qxg4 Rbh8 25. Ra1 g6 26. Ra7+ Kf6 27. Kf1
Ng5 28. Qd7 Kg7 29. Qxd6 R8h5 30. Qxe5+ Kh6 31. Qh8+ Nh7 32. Rxf7 Kg5 33. Qe5+
Kh6 34. Qg7+ 1-0

[Event "London Classic Open 2017"]
[Site "London ENG"]
[Date "2017.12.05"]
[Round "5.26"]
[White "Jackson, James P"]
[Black "Wells, Peter K"]
[Result "1-0"]
[WhiteTitle "FM"]
[BlackTitle "GM"]
[WhiteElo "2314"]
[BlackElo "2441"]
[WhiteFideId "416860"]
[BlackFideId "400327"]
[EventDate "2017.12.02"]

1. d4 Nf6 2. c4 e6 3. Nc3 Bb4 4. Qc2 O-O 5. e4 d5 6. e5 Ne4 7. Bd3 c5 8. Nf3
cxd4 9. Nxd4 Nd7 10. Bf4 Ndc5 11. O-O Bxc3 12. bxc3 Bd7 13. Be2 Na4 14. cxd5
exd5 15. c4 Rc8 16. Rac1 Nac3 17. Qb2 Qa5 18. Qxb7 Bc6 19. Qb2 Ba8 20. c5 Qxc5
21. Nf5 d4 22. Bd3 Rb8 23. Qa1 Qb4 24. e6 fxe6 25. Bxb8 exf5 26. Bxa7 Rd8 27. f3
Nf6 28. Rce1 Nfd5 29. Bxf5 Nf4 30. Kh1 Qb7 31. Bxd4 Nxg2 32. Qxc3 Nxe1 33. Be4
Qxe4 34. fxe4 Bxe4+ 35. Kg1 Nf3+ 36. Kf2 Nxd4 37. Ke3 1-0

[Event "London Classic Open 2017"]
[Site "London ENG"]
[Date "2017.12.05"]
[Round "5.27"]
[White "Cherniaev, Alexander"]
[Black "Kwon, Sehyun"]
[Result "0-1"]
[WhiteTitle "GM"]
[BlackTitle "CM"]
[WhiteElo "2436"]
[BlackElo "2117"]
[WhiteFideId "4117301"]
[BlackFideId "13203088"]
[EventDate "2017.12.02"]

1. e4 e5 2. f4 exf4 3. Bc4 Qh4+ 4. Kf1 d6 5. d4 Be6 6. Qd3 Nd7 7. Nc3 Ngf6 8.
Nf3 Qh6 9. Nb5 Kd8 10. Nc3 Nh5 11. Kf2 Be7 12. Rf1 Kc8 13. Kg1 g5 14. Nd5 Bd8
15. Qc3 Rg8 16. Bd2 Qg6 17. Bd3 Bxd5 18. exd5 f5 19. Rae1 Ng7 20. Kh1 Nf6 21.
Nxg5 Qxg5 22. Bxf4 Qg6 23. Bg3 Ne4 24. Bxe4 fxe4 25. Re2 Nh5 26. Be1 Nf6 27. Qb3
Qh5 28. Rd2 Ng4 29. h3 e3 30. Rd3 Nf2+ 31. Bxf2 Qe2 32. Kg1 Qf3 33. g4 exf2+ 34.
Rxf2 Qe4 35. Qc4 h5 36. Rg3 Bh4 37. Re2 Qf4 38. Rc3 Qf7 39. Rg2 Re8 40. Re2 Rg8
41. Rg2 Re8 42. Re2 Rxe2 43. Qxe2 Qxd5 44. Qe8+ Bd8 45. gxh5 b6 46. Rg3 Qxd4+
47. Kg2 Qd2+ 48. Kf3 Qd1+ 49. Ke4 Qxc2+ 50. Kd5 Qf5+ 0-1

[Event "London Classic Open 2017"]
[Site "London ENG"]
[Date "2017.12.05"]
[Round "5.28"]
[White "Soham, Das"]
[Black "Ladron De Guevara Pinto, Paolo"]
[Result "1/2-1/2"]
[BlackTitle "IM"]
[WhiteElo "2263"]
[BlackElo "2422"]
[WhiteFideId "35026763"]
[BlackFideId "2290847"]
[EventDate "2017.12.02"]

1. e4 e6 2. d4 d5 3. Nc3 Nf6 4. e5 Nfd7 5. f4 c5 6. Nf3 Nc6 7. Be3 Be7 8. Qd2
O-O 9. dxc5 Nxc5 10. O-O-O a6 11. Qf2 Qa5 12. Kb1 Bd7 13. f5 exf5 14. Rxd5 Ne4
15. Rxa5 Nxf2 16. Rd5 Nxh1 17. Rxd7 b5 18. Rd1 f4 19. Bb6 1/2-1/2

[Event "London Classic Open 2017"]
[Site "London ENG"]
[Date "2017.12.05"]
[Round "5.29"]
[White "Yuan, Yuanling"]
[Black "Raja, Harshit"]
[Result "0-1"]
[WhiteTitle "WIM"]
[BlackTitle "IM"]
[WhiteElo "2243"]
[BlackElo "2420"]
[WhiteFideId "8604541"]
[BlackFideId "5089000"]
[EventDate "2017.12.02"]

1. e4 c5 2. Nf3 d6 3. d4 cxd4 4. Nxd4 Nf6 5. Nc3 a6 6. Be3 e5 7. Nb3 Be6 8. f3
Be7 9. Qd2 O-O 10. O-O-O Nbd7 11. g4 b5 12. g5 Nh5 13. Kb1 Nb6 14. Rg1 b4 15.
Nd5 Bxd5 16. exd5 a5 17. Qf2 Nd7 18. Qh4 g6 19. Bh3 Qc7 20. Bg4 Ng7 21. Nd2 a4
22. Bxd7 Qxd7 23. Qxb4 Rab8 24. Qa3 Nf5 25. Bf2 Qb7 26. Ne4 Rfc8 27. Nc3 Rc4 28.
Rg4 Qc8 29. Rxc4 Qxc4 30. Ne4 Bxg5 31. Qd3 Qb4 32. Qc3 Qxc3 33. Nxc3 a3 34. b3
Ne3 35. Rd3 Nc4 36. Nd1 Nd2+ 37. Ka1 f5 38. Be1 Nf1 39. Nf2 Bh4 40. Rd1 Nxh2 41.
Rd3 Nf1 42. c4 Re8 43. b4 e4 44. fxe4 fxe4 45. Rxa3 Rf8 46. Nd3 exd3 47. Bxh4 d2
48. Rd3 Rf3 49. Rd4 Rf4 50. Rd3 Rxh4 51. c5 Rxb4 52. cxd6 Rb6 53. d7 Rd6 54. Kb2
Rxd7 55. d6 Ne3 0-1

[Event "London Classic Open 2017"]
[Site "London ENG"]
[Date "2017.12.05"]
[Round "5.30"]
[White "Britton, Richard L"]
[Black "Sundararajan, Kidambi"]
[Result "0-1"]
[WhiteTitle "FM"]
[BlackTitle "GM"]
[WhiteElo "2239"]
[BlackElo "2419"]
[WhiteFideId "401692"]
[BlackFideId "5005370"]
[EventDate "2017.12.02"]

1. e4 c5 2. Nf3 Nc6 3. d4 cxd4 4. Nxd4 e6 5. Nc3 a6 6. Be2 d6 7. O-O Nf6 8. Be3
Be7 9. Kh1 O-O 10. f4 Bd7 11. a4 Rc8 12. Qe1 e5 13. Nb3 Nb4 14. Qd2 Bc6 15. Rad1
d5 16. fxe5 Nxe4 17. Qc1 Bxa4 18. Bd4 Bg5 19. Qb1 Bxb3 20. cxb3 Nd2 21. Rxd2
Bxd2 22. Bg4 Rc6 23. Qd1 Bh6 24. Qe2 Qe7 25. Bf3 Rd8 26. g3 Re6 27. Bg4 Nc6 28.
Bxe6 fxe6 29. Bb6 Rf8 30. Rxf8+ Qxf8 31. Bc7 Qf5 32. Kg2 g6 33. Na4 Nd4 34. Qd1
Qe4+ 35. Kh3 Nf3 0-1

[Event "London Classic Open 2017"]
[Site "London ENG"]
[Date "2017.12.05"]
[Round "5.31"]
[White "Stanisz, Patryk"]
[Black "Mikhalevski, Victor"]
[Result "0-1"]
[BlackTitle "GM"]
[WhiteElo "2150"]
[BlackElo "2545"]
[WhiteFideId "1123106"]
[BlackFideId "2801914"]
[EventDate "2017.12.02"]

1. d4 Nf6 2. c4 g6 3. Nc3 d5 4. cxd5 Nxd5 5. Bd2 Bg7 6. e4 Nxc3 7. Bxc3 O-O 8.
Qd2 b6 9. Rc1 Bb7 10. d5 c6 11. Bxg7 Kxg7 12. Qc3+ Kg8 13. dxc6 Nxc6 14. Rd1 Qc8
15. Bd3 Qg4 16. g3 Rac8 17. f3 Qh5 18. Be2 Rfd8 19. h4 Rxd1+ 20. Bxd1 Na5 21.
Qd4 Qb5 22. Rh2 e5 23. a4 Nb3 24. Qe3 Qb4+ 25. Kf1 Rc1 26. Qd3 Ba6 27. Qxa6
Rxd1+ 28. Kg2 Qe1 29. Rh1 Rd2+ 30. Kh3 Qf2 31. h5 Qg2+ 32. Kg4 Qxh1 33. Nh3
gxh5+ 34. Kh4 Qxf3 35. Qc8+ Kg7 0-1

[Event "London Classic Open 2017"]
[Site "London ENG"]
[Date "2017.12.05"]
[Round "5.32"]
[White "Stany, G.A."]
[Black "Megalios, Konstantinos"]
[Result "1-0"]
[WhiteTitle "IM"]
[WhiteElo "2502"]
[BlackElo "2203"]
[WhiteFideId "5029104"]
[BlackFideId "4238044"]
[EventDate "2017.12.02"]

1. e4 e5 2. Nf3 Nc6 3. Bb5 a6 4. Ba4 Nf6 5. Qe2 Be7 6. O-O b5 7. Bb3 O-O 8. c3
d5 9. exd5 Nxd5 10. Nxe5 Nxe5 11. Qxe5 Bb7 12. d4 Qd7 13. Qh5 Rae8 14. Bxd5 Bxd5
15. Bf4 g5 16. Bg3 Qc6 17. Re1 f5 18. f3 f4 19. Bf2 Rf6 20. c4 bxc4 21. Nc3 Bf7
22. Qxg5+ Rg6 23. Qxf4 Rf8 24. Rxe7 Bd5 25. Qh4 1-0

[Event "London Classic Open 2017"]
[Site "London ENG"]
[Date "2017.12.05"]
[Round "5.33"]
[White "Luncasu, Raul-Ionut"]
[Black "Krishna, C R G"]
[Result "0-1"]
[BlackTitle "IM"]
[WhiteElo "2191"]
[BlackElo "2421"]
[WhiteFideId "1206222"]
[BlackFideId "5018625"]
[EventDate "2017.12.02"]

1. e4 e6 2. d4 d5 3. Nc3 Bb4 4. exd5 exd5 5. Bd3 c6 6. Ne2 Ne7 7. Bf4 O-O 8. Qd2
Bf5 9. f3 c5 10. g4 Bxd3 11. Qxd3 cxd4 12. Nxd4 Ng6 13. Bg3 Re8+ 14. Kf2 Nd7 15.
Rhe1 Nge5 16. Qb5 Bc5 17. Ne2 Nc4 18. c3 b6 19. b4 a6 20. Qa4 b5 21. Qc2 Bb6 22.
Nf4 Qf6 23. Kg2 Bxd4 24. cxd4 Ne3+ 25. Rxe3 Rxe3 26. Rf1 Nb6 27. Qc5 Qd8 28. Qc1
Nc4 29. Rf2 Qd7 30. h4 Rae8 31. Kh2 Ra3 32. Nh5 Ree3 33. Kg2 Rac3 34. Qa1 Red3
35. Nf4 Ne3+ 36. Kh3 Nxg4 37. Nxd3 Nxf2+ 38. Kg2 Rxd3 39. Bxf2 Qf5 0-1

[Event "London Classic Open 2017"]
[Site "London ENG"]
[Date "2017.12.05"]
[Round "5.34"]
[White "Arjun, Kalyan"]
[Black "Willmoth, Robert F"]
[Result "1/2-1/2"]
[BlackTitle "CM"]
[WhiteElo "2419"]
[BlackElo "2202"]
[WhiteFideId "35018701"]
[BlackFideId "402540"]
[EventDate "2017.12.02"]

1. e4 d6 2. d4 Nf6 3. Nc3 g6 4. h3 Nbd7 5. Nf3 e5 6. dxe5 dxe5 7. Bg5 h6 8. Be3
c6 9. Qd2 Qc7 10. O-O-O b5 11. Bd3 Bb7 12. Kb1 a6 13. Nh2 b4 14. Na4 c5 15. Ng4
Nxg4 16. hxg4 Bc6 17. b3 Bxa4 18. bxa4 Nb6 19. Bg5 Be7 20. Bxe7 Qxe7 21. Rxh6
Rg8 22. Rdh1 Nxa4 23. Rh8 O-O-O 24. Rxg8 Rxg8 25. Bxa6+ Kc7 26. Bc4 Nc3+ 27. Ka1
Rd8 28. Qe3 Rd4 29. Bd5 1/2-1/2

[Event "London Classic Open 2017"]
[Site "London ENG"]
[Date "2017.12.05"]
[Round "5.35"]
[White "Henderson de La Fuente, Lance"]
[Black "Oyama, Akito"]
[Result "1-0"]
[WhiteElo "2419"]
[BlackElo "2185"]
[WhiteFideId "32096585"]
[BlackFideId "7001630"]
[EventDate "2017.12.02"]

1. e4 c5 2. Nf3 Nc6 3. Bb5 Qc7 4. O-O a6 5. Bxc6 dxc6 6. a4 e5 7. d3 a5 8. Nbd2
Bd6 9. Nc4 Ne7 10. b3 f6 11. Nfd2 Ng6 12. Nxd6+ Qxd6 13. Nc4 Qc7 14. Be3 b6 15.
b4 cxb4 16. Bxb6 Qe7 17. Bxa5 Be6 18. Bb6 Bxc4 19. dxc4 Nf4 20. g3 Ne6 21. Kg2
h5 22. a5 g5 23. Qd3 Kf7 24. Rad1 Rhc8 25. Qf3 Rh8 26. Qd3 Rhc8 27. c3 c5 28.
cxb4 cxb4 29. Qe2 Kg6 30. Rd5 b3 31. Rfd1 b2 32. Qxb2 Rxc4 33. Qe2 Qb4 34. Rd6
Nd4 35. Bxd4 Rxd4 36. R1xd4 exd4 37. e5 Rxa5 38. Qc2+ Kg7 39. exf6+ Kf8 40. Rd8+ 1-0

[Event "London Classic Open 2017"]
[Site "London ENG"]
[Date "2017.12.05"]
[Round "5.36"]
[White "Arkell, Keith C"]
[Black "Mozes, Ervin"]
[Result "1-0"]
[WhiteTitle "GM"]
[BlackTitle "IM"]
[WhiteElo "2416"]
[BlackElo "2177"]
[WhiteFideId "400270"]
[BlackFideId "1200151"]
[EventDate "2017.12.02"]

1. d4 Nf6 2. Nf3 c6 3. c4 d6 4. Nc3 Bf5 5. Nh4 Bc8 6. g3 e5 7. Bg2 Be7 8. e4
exd4 9. Qxd4 Qb6 10. Qxb6 axb6 11. Nf5 Bxf5 12. exf5 Ra5 13. O-O Rxf5 14. Re1
Nfd7 15. Bf4 Ne5 16. Re4 O-O 17. Rd1 g5 18. Be3 g4 19. Bxb6 Nbd7 20. Bd4 h5 21.
b3 Nc5 22. Re2 Ne6 23. Bxe5 dxe5 24. Rd7 Bb4 25. Ne4 b5 26. cxb5 cxb5 27. Rc2
Nd4 28. Rcc7 Nf3+ 29. Bxf3 Rxf3 30. Rd5 Ra8 31. Rxb5 Bf8 32. Rxe5 Bg7 33. Rxh5
f5 1-0